[Event "Stuttgarter SF II-SF Pfullingen"]
[Site "?"]
[Date "2003.04.10"]
[Round "8.1"]
[White "Vujic, Branimir"]
[Black "Berezovsky, Igor"]
[Result "1-0"]
[WhiteElo "2256"]
[BlackElo "2418"]
[PlyCount "188"]
[EventDate "2003.??.??"]

1. d4 Nf6 2. Bf4 g6 3. Nc3 Bg7 4. e4 c5 5. dxc5 Qa5 6. Qd2 Qxc5 7. Bd3 d6 8.
Nge2 O-O 9. f3 Nc6 10. Bh6 Bxh6 11. Qxh6 d5 12. exd5 Nb4 13. h4 Nfxd5 14. Nxd5
Nxd3+ 15. cxd3 Qxd5 16. Qe3 Bf5 17. d4 Rac8 18. Nc3 Qd6 19. g4 Qe6 20. Kf2
Qxe3+ 21. Kxe3 Be6 22. Rad1 Rc4 23. d5 Bd7 24. Rd4 Rfc8 25. Rxc4 Rxc4 26. Rc1
f5 27. b3 Rc8 28. g5 e5 29. dxe6 Bxe6 30. Ne2 Re8 31. Kf2 Kf7 32. Nf4 Rc8 33.
Rxc8 Bxc8 34. Ke3 Bd7 35. Kd4 Bc6 36. Nd3 Ke6 37. Nf4+ Kd6 38. Ke3 Ke5 39. h5
gxh5 40. Nxh5 Be8 41. f4+ Kd6 42. Nf6 Bg6 43. Kd4 Ke6 44. Nd5 Kd6 45. Ne3 Ke6
46. a4 Bh5 47. a5 Bf3 48. Kc5 Be4 49. b4 Bd3 50. Nd5 Be2 51. Nc3 Bd3 52. Kd4
Bf1 53. Na4 Kd6 54. Nc3 Ke6 55. Nd1 Bg2 56. Ne3 Be4 57. Nc4 Bc6 58. Kc5 Bf3 59.
Na3 b6+ 60. Kd4 bxa5 61. bxa5 Be2 62. Kc5 Kf7 63. Nb5 a6 64. Nc7 Kg6 65. Nd5
Bg4 66. Kd6 h5 67. gxh6 Kxh6 68. Ke5 Kg6 69. Ne7+ Kf7 70. Nxf5 Ke8 71. Ne3 Bf3
72. Kd6 Kf7 73. Kc7 Ke6 74. Kb6 Be2 75. Nc2 Kd5 76. Nb4+ Ke4 77. Nxa6 Kxf4 78.
Nc7 Ke5 79. Nb5 Kf6 80. a6 Ke7 81. a7 Bf3 82. Kc7 Ba8 83. Nd6 Ke6 84. Nb7 Ke7
85. Nc5 Ke8 86. Kb8 Kd8 87. Ne6+ Kd7 88. Nc5+ Kd8 89. Na4 Bg2 90. Nb6 Bc6 91.
Nc4 Ba8 92. Na5 Kd7 93. Nb7 Kc6 94. Kxa8 Kc7 1-0

[Event "Stuttgarter SF II-SF Pfullingen"]
[Site "?"]
[Date "2003.04.10"]
[Round "8.2"]
[White "Migl, Dieter"]
[Black "Einwiller, Bernd"]
[Result "1/2-1/2"]
[WhiteElo "2208"]
[BlackElo "2065"]
[PlyCount "46"]
[EventDate "2003.??.??"]

1. e4 d5 2. exd5 Nf6 3. d4 Nxd5 4. Nf3 g6 5. Be2 Bg7 6. O-O O-O 7. Re1 Bg4 8.
h3 Bxf3 9. Bxf3 Nc6 10. c3 e6 11. Na3 Rb8 12. Nc4 b5 13. Ne3 Qd6 14. Nxd5 exd5
15. g3 Na5 16. Bg5 Rfe8 17. Rxe8+ Rxe8 18. b4 Nc4 19. a4 a6 20. axb5 axb5 21.
Ra7 c6 22. Qa1 Qe6 23. Ra8 h6 1/2-1/2

[Event "Stuttgarter SF II-SF Pfullingen"]
[Site "?"]
[Date "2003.04.10"]
[Round "8.3"]
[White "Banaszek, Marcin"]
[Black "Schmid, Hartmut"]
[Result "1/2-1/2"]
[WhiteElo "2134"]
[BlackElo "2171"]
[PlyCount "94"]
[EventDate "2003.??.??"]

1. c4 e5 2. Nc3 d6 3. g3 g6 4. Bg2 Bg7 5. d3 Ne7 6. e4 O-O 7. Nge2 c6 8. d4 Na6
9. Be3 Nc7 10. d5 Ne8 11. dxc6 bxc6 12. c5 Be6 13. cxd6 Nxd6 14. Bc5 Nec8 15.
O-O Re8 16. Qc2 Nb7 17. Rfd1 Qc7 18. Be3 Ncd6 19. b3 Qa5 20. Na4 Rac8 21. Rac1
Nb5 22. Nc5 Nxc5 23. Bxc5 Red8 24. a4 Nd4 25. Nxd4 exd4 26. Rd3 Rd7 27. Rcd1
Rcd8 28. f4 h5 29. Bf3 Bh3 30. b4 Qa6 31. Be2 Qb7 32. R3d2 Be6 33. Bc4 Bg4 34.
Rc1 h4 35. Qd3 h3 36. Ba6 Qb8 37. Rb1 Qc7 38. Rc1 Qb8 39. Rcc2 Kh7 40. Rc1 Kg8
41. Rb1 Qc7 42. Rc2 Rb8 43. b5 cxb5 44. Bxb5 Rdd8 45. Bb4 Qb6 46. Rbc1 Bd7 47.
Bxd7 Qxb4 1/2-1/2

[Event "Stuttgarter SF II-SF Pfullingen"]
[Site "?"]
[Date "2003.04.10"]
[Round "8.4"]
[White "Gabriel, Robert"]
[Black "Prochnow, Mario"]
[Result "0-1"]
[WhiteElo "2153"]
[BlackElo "2171"]
[PlyCount "122"]
[EventDate "2003.??.??"]

1. d4 f5 2. Nf3 Nf6 3. c4 g6 4. Nc3 Bg7 5. Bg5 d6 6. e3 O-O 7. Bxf6 Bxf6 8. Be2
Nc6 9. O-O e5 10. dxe5 dxe5 11. Qxd8 Bxd8 12. Rfd1 Be6 13. Rd2 e4 14. Nd4 Nxd4
15. exd4 Bg5 16. Rdd1 c6 17. d5 cxd5 18. Nxd5 Rad8 19. h3 Rd7 20. b3 Kg7 21.
Ne3 Rfd8 22. Rxd7+ Rxd7 23. Rd1 Rxd1+ 24. Nxd1 Kf6 25. Kf1 Bd2 26. Ne3 Ke5 27.
Nc2 f4 28. Bd1 f3 29. gxf3 Bxh3+ 30. Ke2 Bc1 31. fxe4 Kxe4 32. f3+ Kf4 33. Kf2
h5 34. Be2 Bf5 35. Nb4 Be3+ 36. Kg2 Bd2 37. Nd5+ Ke5 38. Kg3 Be1+ 39. Kg2 Kd4
40. f4 Bd2 41. Bf3 Be4 42. Ne7 Bxf4 43. Bxe4 Kxe4 44. Nxg6 Bd6 45. Nh4 a5 46.
Nf3 Kd3 47. Ng5 b6 48. Kf3 Be7 49. Ne6 Kc3 50. Ke4 Kb2 51. Kd3 Kxa2 52. Kc3 h4
53. Nf4 Bg5 54. Nh3 Bd2+ 55. Kxd2 Kxb3 56. Kc1 Kxc4 57. Kc2 b5 58. Ng1 b4 59.
Nf3 h3 60. Nd2+ Kd4 61. Kb3 Ke3 0-1

[Event "Stuttgarter SF II-SF Pfullingen"]
[Site "?"]
[Date "2003.04.10"]
[Round "8.5"]
[White "Naegele, Thomas"]
[Black "Haas, Wilhelm"]
[Result "1-0"]
[WhiteElo "2165"]
[BlackElo "2113"]
[PlyCount "86"]
[EventDate "2003.??.??"]

1. e4 c5 2. Nf3 d6 3. d4 cxd4 4. Nxd4 Nf6 5. Nc3 g6 6. f3 Bg7 7. Be3 O-O 8. Bc4
Nc6 9. Qd2 Nd7 10. O-O-O Nde5 11. Bb3 Na5 12. Qe2 Bd7 13. h4 Nxb3+ 14. axb3 a5
15. h5 a4 16. bxa4 Bxa4 17. hxg6 hxg6 18. f4 Nc6 19. f5 Nxd4 20. Bxd4 Bc6 21.
Qe3 Ra1+ 22. Nb1 e5 23. fxe6 f6 24. Qh3 Re8 25. Qh7+ Kf8 26. Qxg6 Rxe6 27. Rh7
Qe7 28. Rdh1 Qf7 29. Qg4 Rxe4 30. Qc8+ Re8 31. Qf5 Qe6 32. Qg6 Qg8 33. Bxf6
Rxb1+ 34. Kxb1 Qf7 35. Qxf7+ Kxf7 36. Bxg7 Be4 37. Rh8 Re6 38. Bc3 d5 39. Rf1+
Ke7 40. g3 Rg6 41. Rh7+ Kd6 42. Rg7 Rh6 43. Bb4+ Kc6 1-0

[Event "Stuttgarter SF II-SF Pfullingen"]
[Site "?"]
[Date "2003.04.10"]
[Round "8.6"]
[White "Schwarzburger, Lothar"]
[Black "Altenhof, Martin"]
[Result "1/2-1/2"]
[WhiteElo "2173"]
[BlackElo "2199"]
[PlyCount "40"]
[EventDate "2003.??.??"]

1. e4 d6 2. d4 Nf6 3. Nc3 g6 4. f4 Bg7 5. Nf3 c5 6. dxc5 Qa5 7. Bd2 Qxc5 8. Bd3
O-O 9. Qe2 Bg4 10. h3 Bxf3 11. Qxf3 Nc6 12. a3 Qb6 13. Rb1 a6 14. Be3 Qc7 15.
O-O b5 16. Nd5 Nxd5 17. exd5 Nb8 18. c3 Nd7 19. Rbe1 Nb6 20. Bxb6 Qxb6+ 1/2-1/2

[Event "Stuttgarter SF II-SF Pfullingen"]
[Site "?"]
[Date "2003.04.06"]
[Round "8.7"]
[White "Streck, Alexander"]
[Black "Gabriel, Josef"]
[Result "1/2-1/2"]
[WhiteElo "2114"]
[BlackElo "2085"]
[PlyCount "104"]
[EventDate "2003.??.??"]

1. d4 f5 2. Bf4 d6 3. e3 Nf6 4. Nc3 g6 5. h4 h6 6. Bd3 Bg7 7. e4 Nh5 8. Be3 f4
9. e5 O-O 10. Bd2 Bf5 11. Bxf5 Rxf5 12. Qg4 Kh7 13. Nf3 Nc6 14. O-O-O Qg8 15.
Kb1 dxe5 16. dxe5 Nxe5 17. Nxe5 Bxe5 18. Ne4 Rd8 19. Bc3 Rxd1+ 20. Rxd1 Qc4 21.
Qf3 Qc6 22. Qe2 Bxc3 23. Nxc3 e6 24. Qd3 Rf7 25. f3 Nf6 26. Qd4 Ne8 27. Ne4 b6
28. Qd8 Nd6 29. Nf6+ Kg7 30. Rxd6 cxd6 31. Ne8+ Kh7 32. Nf6+ Rxf6 33. Qe7+ Kg8
34. Qxf6 Qe8 35. Qxf4 Qb5 36. b3 e5 37. Qg4 Kf7 38. c4 Qe8 39. Qe4 Qd7 40. g4
Kf6 41. Kc1 b5 42. f4 bxc4 43. bxc4 Qc7 44. fxe5+ dxe5 45. Qf3+ Kg7 46. Qd5 Qe7
47. c5 Kf6 48. Kd2 Qe6 49. Qd8+ Kf7 50. Qc7+ Kf6 51. Qd8+ Kf7 52. Qc7+ Kf6
1/2-1/2

[Event "Stuttgarter SF II-SF Pfullingen"]
[Site "?"]
[Date "2003.04.10"]
[Round "8.8"]
[White "Gerstenberger, Heinz"]
[Black "Einwiller, Dieter"]
[Result "0-1"]
[WhiteElo "2051"]
[BlackElo "2103"]
[PlyCount "106"]
[EventDate "2003.??.??"]

1. c4 e5 2. g3 Nf6 3. Bg2 Nc6 4. Nc3 Bc5 5. a3 a5 6. e3 O-O 7. Nge2 Re8 8. O-O
d6 9. d3 Ba7 10. h3 Ne7 11. d4 c6 12. e4 exd4 13. Nxd4 Ng6 14. b3 Bd7 15. Bg5
h6 16. Be3 Rb8 17. Nf5 Bxe3 18. Nxe3 Qc7 19. Rc1 Rbd8 20. Qd3 Ne5 21. Qd1 Bc8
22. Kh2 Qb6 23. Na4 Qa7 24. Rc2 Ng6 25. Nc3 Qc5 26. Qc1 Ne5 27. Na4 Qa7 28. Rd2
Ng6 29. Qc2 b5 30. cxb5 cxb5 31. Nc3 Ba6 32. b4 a4 33. Rfd1 Qb8 34. Nf5 Re6 35.
Nd4 Ne5 36. Nxe6 fxe6 37. Ne2 Nc4 38. Rd3 Bb7 39. Rc3 e5 40. Rxc4 bxc4 41.
Qxc4+ Kh8 42. Nc3 Rc8 43. Qd3 Qa8 44. Nd5 Bxd5 45. exd5 Qa7 46. Qf5 Rc4 47. Bf1
Rc3 48. Bb5 e4 49. Re1 Rf3 50. Qc8+ Kh7 51. Re2 Rxf2+ 52. Rxf2 Qxf2+ 53. Kh1
Nh5 0-1

[Event "SF Pfullingen-SV Wolfbusch"]
[Site "?"]
[Date "2003.04.27"]
[Round "9.1"]
[White "Leyrer, Achim"]
[Black "Vujic, Branimir"]
[Result "1-0"]
[WhiteElo "2206"]
[BlackElo "2256"]
[PlyCount "47"]
[EventDate "2003.??.??"]

1. e4 d5 2. exd5 Nf6 3. d4 Nxd5 4. Nf3 g6 5. c4 Nb6 6. a4 Bg7 7. a5 N6d7 8. Nc3
O-O 9. Bg5 h6 10. Be3 Nc6 11. Qd2 Kh7 12. h4 Nf6 13. d5 Nb8 14. h5 Ng4 15. Bd3
Nxe3 16. Qxe3 Kg8 17. hxg6 fxg6 18. Rxh6 Bxh6 19. Qxh6 Rf7 20. Bxg6 Rg7 21.
O-O-O Qd6 22. Rh1 Kf8 23. Ne5 Qxe5 24. Qh8+ 1-0

[Event "SF Pfullingen-SV Wolfbusch"]
[Site "?"]
[Date "2003.04.27"]
[Round "9.2"]
[White "Hertzog, Peter"]
[Black "Dietrich, Frank"]
[Result "1/2-1/2"]
[WhiteElo "2154"]
[BlackElo "2180"]
[PlyCount "107"]
[EventDate "2003.??.??"]

1. e4 c5 2. Nf3 Nc6 3. Bb5 g6 4. O-O Bg7 5. Re1 e5 6. d3 Nge7 7. Bg5 h6 8. Be3
Qb6 9. Bxc6 bxc6 10. Nbd2 d6 11. Nc4 Qc7 12. c3 Be6 13. b3 O-O 14. d4 exd4 15.
cxd4 d5 16. exd5 cxd5 17. Nce5 c4 18. Rc1 Rac8 19. Bf4 Qa5 20. Qd2 c3 21. Qe2
Rfe8 22. h3 Kh7 23. g4 Ng8 24. Qd3 Nf6 25. g5 Ne4 26. gxh6 Bxh6 27. Bxh6 Kxh6
28. Re2 Kg7 29. Kg2 Rh8 30. h4 f6 31. Nc4 Qa6 32. Nce5 Qb7 33. Nc4 Qa6 34. Nce5
Qb7 35. Nc4 dxc4 36. Qxe4 Qxe4 37. Rxe4 cxb3 38. axb3 Bxb3 39. Re7+ Kf8 40.
Rxa7 Bd5 41. Kg3 Bxf3 42. Kxf3 Rxh4 43. d5 Rd4 44. Rh1 Kg8 45. Rhh7 Rxd5 46.
Rhg7+ Kf8 47. Rgf7+ Ke8 48. Rfe7+ Kd8 49. Rh7 Rf5+ 50. Kg2 Rg5+ 51. Kf3 Re5 52.
Rad7+ Ke8 53. Ra7 Rh5 54. Rae7+ 1/2-1/2

[Event "SF Pfullingen-SV Wolfbusch"]
[Site "?"]
[Date "2003.04.27"]
[Round "9.3"]
[White "Haecker, Johannes"]
[Black "Einwiller, Bernd"]
[Result "1/2-1/2"]
[WhiteElo "2166"]
[BlackElo "2065"]
[PlyCount "69"]
[EventDate "2003.??.??"]

1. d4 c5 2. c3 d5 3. Nf3 Nf6 4. Bf4 Nc6 5. e3 e6 6. Bd3 Bd6 7. Bg3 Bxg3 8. hxg3
Qd6 9. Nbd2 Bd7 10. Qe2 O-O-O 11. Ng5 Be8 12. f4 h6 13. O-O-O Qf8 14. Ngf3 g6
15. Kb1 Nh5 16. Rh3 c4 17. Bc2 f5 18. Rdh1 Nf6 19. Ne5 Nxe5 20. dxe5 Ng4 21.
Nf3 Qc5 22. Nd4 Bd7 23. Qd2 Kb8 24. Bd1 h5 25. Bf3 Nh6 26. Rc1 Rc8 27. b4 cxb3
28. axb3 Rc7 29. Kb2 Rhc8 30. Rhh1 Nf7 31. Be2 Nd8 32. Rc2 Qb6 33. Ra1 a5 34.
Ra3 Rc5 35. Bd3 1/2-1/2

[Event "SF Pfullingen-SV Wolfbusch"]
[Site "?"]
[Date "2003.04.27"]
[Round "9.4"]
[White "Naegele, Thomas"]
[Black "Hering, Frank"]
[Result "1-0"]
[WhiteElo "2165"]
[BlackElo "2120"]
[PlyCount "71"]
[EventDate "2003.??.??"]

1. e4 g6 2. d4 Bg7 3. Nc3 d6 4. Bg5 c6 5. Qd2 b5 6. f4 Qb6 7. O-O-O a5 8. h3 a4
9. Nf3 b4 10. Ne2 Nf6 11. Ng3 Be6 12. Kb1 h6 13. Bh4 Nbd7 14. Bd3 Kd8 15. Rhe1
Kc7 16. Nf1 Rhb8 17. d5 cxd5 18. f5 dxe4 19. fxe6 exf3 20. exd7 fxg2 21. Qxg2
Kxd7 22. Ne3 e6 23. Nc4 Qb7 24. Qf2 g5 25. Bg3 Ra6 26. Nxd6 Rxd6 27. Bxd6 Nd5
28. Bxb8 Nc3+ 29. Ka1 Nxd1 30. Qxf7+ Kc6 31. Be4+ Kc5 32. Qxb7 Nxb2 33. Qc6+
Kd4 34. Kxb2 a3+ 35. Kb1 b3 36. c3# 1-0

[Event "SF Pfullingen-SV Wolfbusch"]
[Site "?"]
[Date "2003.04.27"]
[Round "9.5"]
[White "Flachsbart, Alexander"]
[Black "Altenhof, Martin"]
[Result "1/2-1/2"]
[WhiteElo "2055"]
[BlackElo "2199"]
[PlyCount "108"]
[EventDate "2003.??.??"]

1. e4 d6 2. d4 Nf6 3. Nc3 g6 4. Bc4 Bg7 5. Nge2 c6 6. Bb3 b5 7. f3 a5 8. a4 b4
9. Nb1 O-O 10. Be3 Nbd7 11. O-O Ba6 12. Nd2 c5 13. c3 bxc3 14. bxc3 Qc7 15. Rc1
Rfb8 16. c4 cxd4 17. Nxd4 Nc5 18. Nb5 Qc6 19. Nb1 Rc8 20. Bc2 Nfd7 21. Rf2 Nb6
22. Bb3 Qb7 23. Rd2 Nxb3 24. Qxb3 Nxa4 25. Ra2 Bxb5 26. Rxa4 Bc6 27. Qxb7 Bxb7
28. Nc3 Bc6 29. Nb5 Rcb8 30. Rb1 Rb7 31. Kf1 e6 32. Bd2 d5 33. exd5 exd5 34.
Rxa5 Rxa5 35. Bxa5 dxc4 36. Na3 Rb3 37. Ke2 Rxa3 38. Rb8+ Bf8 39. Rxf8+ Kg7 40.
Bb4 Ra2+ 41. Kf1 Kf6 42. Rd8 Bb5 43. Rd5 Ba4 44. Rd2 Ra1+ 45. Kf2 Rb1 46. Bc3+
Ke6 47. Ke3 Rh1 48. h3 h5 49. Re2 Rd1 50. Rd2 Rb1 51. Ra2 Bc6 52. Kd4 Rd1+ 53.
Rd2 Rxd2+ 54. Bxd2 Bb7 1/2-1/2

[Event "SF Pfullingen-SV Wolfbusch"]
[Site "?"]
[Date "2003.04.27"]
[Round "9.6"]
[White "Streck, Alexander"]
[Black "Huettig, Michael"]
[Result "1-0"]
[WhiteElo "2114"]
[BlackElo "2061"]
[PlyCount "98"]
[EventDate "2003.??.??"]

1. d4 Nf6 2. c3 g6 3. Bg5 Bg7 4. Nd2 d6 5. e4 Nbd7 6. Bc4 O-O 7. Ngf3 e5 8.
dxe5 dxe5 9. O-O c6 10. a4 a5 11. Qc2 h6 12. Bh4 g5 13. Bg3 Nh5 14. Rfd1 Qf6
15. Nf1 Nf4 16. Ne3 Nb6 17. Bf1 Be6 18. b4 Nc8 19. Bc4 Ne7 20. Bxe6 Qxe6 21.
Rab1 b5 22. axb5 cxb5 23. bxa5 Rxa5 24. Bxf4 exf4 25. Nd5 Nxd5 26. exd5 Qd6 27.
Nd4 Bxd4 28. Rxd4 Rc8 29. h4 Rc4 30. hxg5 Rxd4 31. cxd4 b4 32. gxh6 Rxd5 33.
Qe4 Qg6 34. Qxg6+ fxg6 35. Rxb4 Kh7 36. Kf1 Kxh6 37. Ke2 g5 38. Kf3 Kh5 39. Ke4
Rd8 40. Rb5 Ra8 41. d5 Ra4+ 42. Kf5 f3 43. gxf3 Rf4+ 44. Ke6 Rxf3 45. Rb2 Rd3
46. d6 Rd1 47. Re2 Kg4 48. d7 Kf3 49. Re5 g4 1-0

[Event "SF Pfullingen-SV Wolfbusch"]
[Site "?"]
[Date "2003.04.27"]
[Round "9.7"]
[White "Eisenhardt, Philipp"]
[Black "Einwiller, Dieter"]
[Result "0-1"]
[WhiteElo "1968"]
[BlackElo "2103"]
[PlyCount "36"]
[EventDate "2003.??.??"]

1. f4 Nf6 2. Nf3 g6 3. g3 Bg7 4. Bg2 O-O 5. O-O d5 6. d3 c5 7. Nbd2 Ng4 8. Nb3
Qb6 9. e3 Nc6 10. d4 c4 11. Nc5 Qc7 12. Na4 Nf6 13. Nc3 Rd8 14. h3 Ne4 15. Nxe4
dxe4 16. Nd2 f5 17. Qe2 Be6 18. Nxc4 Nxd4 0-1

[Event "SF Pfullingen-SV Wolfbusch"]
[Site "?"]
[Date "2003.04.27"]
[Round "9.8"]
[White "Nagelsdiek, Michael"]
[Black "Montigel, Philipp"]
[Result "0-1"]
[WhiteElo "2023"]
[BlackElo "1961"]
[PlyCount "128"]
[EventDate "2003.??.??"]

1. d4 f5 2. Nc3 Nf6 3. Bg5 e6 4. e4 fxe4 5. Nxe4 Be7 6. Nxf6+ Bxf6 7. Bxf6 Qxf6
8. Nf3 b6 9. Be2 Bb7 10. Qd2 Nc6 11. O-O-O O-O-O 12. Rhe1 Rhf8 13. c3 Qf4 14.
Bd3 h6 15. Be4 g5 16. h3 Rf7 17. Bxc6 Bxc6 18. Ne5 Bxg2 19. Nxf7 Qxf7 20. Qe3
Rf8 21. Rd3 Qxf2 22. Rd2 Qxe3 23. Rxe3 Bd5 24. b3 b5 25. Kc2 Rf4 26. Kd3 h5 27.
c4 bxc4+ 28. bxc4 Bf3 29. Re5 Rh4 30. Rxg5 Rxh3 31. Rb2 d6 32. Rb4 h4 33. Rg8+
Kd7 34. Kd2 Be4 35. Rb3 Rh2+ 36. Ke3 Bf5 37. Rb7 Kc6 38. Rxa7 Kb6 39. Raa8 Rc2
40. Rh8 h3 41. c5+ dxc5 42. dxc5+ Kxc5 43. a4 h2 44. Kf3 Bh3 45. Ra5+ Kd6 46.
Ra6+ c6 47. Rxh3 Rc3+ 48. Kg2 Rxh3 49. Kh1 e5 50. Ra8 e4 51. a5 e3 52. a6 e2
53. Re8 Ra3 54. Rxe2 Rxa6 55. Kxh2 Ra5 56. Kg2 Rf5 57. Rf2 Rxf2+ 58. Kxf2 Kd5
59. Ke3 Kc4 60. Kd2 Kb3 61. Kd3 c5 62. Kd2 c4 63. Kc1 Kc3 64. Kd1 Kb2 0-1

[Event "TSF Ditzingen-Stuttgarter SF II"]
[Site "?"]
[Date "2003.04.27"]
[Round "9.1"]
[White "Migl, Dieter"]
[Black "Wittmann, Ralf"]
[Result "1/2-1/2"]
[WhiteElo "2208"]
[BlackElo "2132"]
[PlyCount "28"]
[EventDate "2003.??.??"]

1. e4 e6 2. Nc3 d5 3. d4 Nf6 4. e5 Nfd7 5. Nf3 c5 6. Bb5 Nc6 7. O-O Nb6 8. Re1
Bd7 9. dxc5 Bxc5 10. Bf4 Rc8 11. a3 O-O 12. Bg3 f5 13. exf6 gxf6 14. Qd2 a6
1/2-1/2

[Event "TSF Ditzingen-Stuttgarter SF II"]
[Site "?"]
[Date "2003.04.27"]
[Round "9.2"]
[White "Meier, Thomas"]
[Black "Schmid, Hartmut"]
[Result "1-0"]
[WhiteElo "2257"]
[BlackElo "2171"]
[PlyCount "123"]
[EventDate "2003.??.??"]

1. d4 f5 2. Nf3 g6 3. g3 Bg7 4. Bg2 Nf6 5. O-O O-O 6. c4 e6 7. b3 d6 8. Bb2
Nbd7 9. Qc2 Ne4 10. Nc3 Ndf6 11. Rad1 c6 12. Ne1 d5 13. Nd3 Bd7 14. Ne5 Rc8 15.
Ba3 Re8 16. f3 Nxc3 17. Qxc3 b6 18. Qd2 Qc7 19. Rc1 Rcd8 20. cxd5 exd5 21. Rc2
Re6 22. Rfc1 Qb7 23. e3 Bh6 24. Qd3 Be8 25. Bb2 a6 26. a4 Bf8 27. Bf1 a5 28.
Qd2 Bh6 29. Bd3 Nd7 30. f4 Nf6 31. Ba3 Ne4 32. Qe2 Bg7 33. Ba6 Qa8 34. Bd3 Bxe5
35. fxe5 Qb7 36. Rf1 Qg7 37. Rf4 h5 38. Rc1 Bd7 39. Rcf1 Rc8 40. Ba6 Ra8 41.
Bd3 Ng5 42. Kg2 Ree8 43. Rc1 Ra7 44. Bd6 Nf7 45. Ba3 Nd8 46. Rf2 Qh6 47. Qf3
Be6 48. h4 Rf7 49. Qf4 Qg7 50. Bd6 Bc8 51. Qf3 Bb7 52. Rb2 c5 53. Bb5 Re6 54.
Kf2 cxd4 55. Rbc2 dxe3+ 56. Qxe3 g5 57. Qxb6 f4 58. Qxd8+ Kh7 59. Bd3+ Rg6 60.
Bxg6+ Qxg6 61. Rc7 fxg3+ 62. Kg1 1-0

[Event "TSF Ditzingen-Stuttgarter SF II"]
[Site "?"]
[Date "2003.04.27"]
[Round "9.3"]
[White "Gabriel, Robert"]
[Black "Beyer, Christian"]
[Result "1/2-1/2"]
[WhiteElo "2153"]
[BlackElo "2165"]
[PlyCount "70"]
[EventDate "2003.??.??"]

1. d4 d5 2. Nf3 Nc6 3. g3 Bf5 4. c3 Qd7 5. Nbd2 f6 6. Bg2 e5 7. dxe5 fxe5 8. e4
dxe4 9. Ng5 e3 10. fxe3 Bc5 11. Nde4 Qxd1+ 12. Kxd1 Be7 13. Rf1 g6 14. h3 h6
15. g4 Bxg4+ 16. hxg4 hxg5 17. Rh1 Rh4 18. Rxh4 gxh4 19. g5 Nd8 20. Ke2 Ne6 21.
Bd2 Nxg5 22. Nxg5 Bxg5 23. Bxb7 Rb8 24. Bc6+ Kf7 25. b4 Kg7 26. Rg1 Bf6 27. Be1
Ne7 28. Bd7 Rd8 29. Bh3 Rd6 30. a4 Ra6 31. a5 Rc6 32. Rg4 Nf5 33. Bg2 Rd6 34.
Rc4 Bd8 35. Bh3 Ng3+ 1/2-1/2

[Event "TSF Ditzingen-Stuttgarter SF II"]
[Site "?"]
[Date "2003.04.27"]
[Round "9.4"]
[White "Stanescu, Christian"]
[Black "Haas, Wilhelm"]
[Result "1/2-1/2"]
[WhiteElo "2063"]
[BlackElo "2113"]
[PlyCount "27"]
[EventDate "2003.??.??"]

1. c4 Nf6 2. Nc3 g6 3. Nf3 Bg7 4. g3 O-O 5. Bg2 d6 6. O-O e5 7. d3 Nbd7 8. Rb1
a5 9. a3 c6 10. b4 axb4 11. axb4 Re8 12. Ne1 Nf8 13. Qb3 Ne6 14. Nc2 1/2-1/2

[Event "TSF Ditzingen-Stuttgarter SF II"]
[Site "?"]
[Date "2003.04.27"]
[Round "9.5"]
[White "Schwarzburger, Lothar"]
[Black "Gritsch, Gabriel"]
[Result "0-1"]
[WhiteElo "2173"]
[BlackElo "2118"]
[PlyCount "62"]
[EventDate "2003.??.??"]

1. e4 c5 2. Nf3 d6 3. d4 cxd4 4. Nxd4 Nf6 5. Nc3 a6 6. a4 b6 7. Bg5 Nbd7 8. Bd3
Bb7 9. O-O e6 10. Kh1 Qc7 11. f4 h6 12. Bh4 g5 13. fxg5 hxg5 14. Bg3 Nh5 15.
Qf3 Nxg3+ 16. Qxg3 Be7 17. a5 b5 18. Bxb5 axb5 19. Ndxb5 Qc6 20. Rfd1 Ne5 21.
Ra4 O-O 22. Nd4 Qc7 23. Ndb5 Qb8 24. Rad4 Rd8 25. b4 Ba6 26. Nxd6 Bxd6 27.
Qxg5+ Ng6 28. b5 Be7 29. Rxd8+ Bxd8 30. Qc5 Be7 31. Qh5 Bf6 0-1

[Event "TSF Ditzingen-Stuttgarter SF II"]
[Site "?"]
[Date "2003.04.27"]
[Round "9.6"]
[White "Saur, Michael"]
[Black "Wolf, Walter"]
[Result "1-0"]
[WhiteElo "2023"]
[BlackElo "2213"]
[PlyCount "51"]
[EventDate "2003.??.??"]

1. e4 e5 2. f4 exf4 3. Nf3 d6 4. Bc4 h6 5. b3 Nf6 6. Nc3 c6 7. Qe2 b5 8. e5
bxc4 9. exf6+ Be6 10. bxc4 Qxf6 11. Bb2 Be7 12. O-O-O Qg6 13. d4 Kd7 14. d5 Bg4
15. c5 Rc8 16. Rhe1 Bf8 17. cxd6 Bxf3 18. gxf3 a6 19. Na4 Bxd6 20. Nb6+ Kc7 21.
Nxa8+ Kb7 22. dxc6+ Nxc6 23. Rg1 Qf5 24. Rxd6 Qc5 25. Rd7+ Kxa8 26. Qxa6+ 1-0

[Event "TSF Ditzingen-Stuttgarter SF II"]
[Site "?"]
[Date "2003.04.27"]
[Round "9.7"]
[White "Gabriel, Josef"]
[Black "Ryba, Andreas"]
[Result "1-0"]
[WhiteElo "2080"]
[BlackElo "1957"]
[PlyCount "77"]
[EventDate "2003.??.??"]

1. e4 c5 2. Nf3 e6 3. d4 cxd4 4. Nxd4 Nf6 5. Bd3 a6 6. O-O Qc7 7. Kh1 Nc6 8.
Nxc6 bxc6 9. f4 d6 10. b3 Bb7 11. Bb2 h5 12. Qe2 h4 13. Nd2 h3 14. c4 hxg2+ 15.
Qxg2 c5 16. Rae1 Rh6 17. Rf3 O-O-O 18. Rh3 Nh5 19. Rf1 f5 20. Kg1 Qf7 21. Kh1
Rg6 22. Qf2 Rg4 23. Qe3 Be7 24. Be2 Rh8 25. a3 Rh4 26. Rxh4 Bxh4 27. Rg1 Nf6
28. Bf3 g6 29. exf5 gxf5 30. Rg2 Rg8 31. Bxb7+ Kxb7 32. Qf3+ d5 33. cxd5 Nxd5
34. Nc4 Be7 35. Be5 Rxg2 36. Qxg2 Qh5 37. h3 Qd1+ 38. Kh2 Qxb3 39. Na5+ 1-0

[Event "TSF Ditzingen-Stuttgarter SF II"]
[Site "?"]
[Date "2003.04.27"]
[Round "9.8"]
[White "Pfeifer, Wilfried"]
[Black "Hoeschele, Hans Ulrich"]
[Result "1/2-1/2"]
[WhiteElo "1915"]
[BlackElo "2042"]
[PlyCount "119"]
[EventDate "2003.??.??"]

1. f4 b6 2. Nf3 Bb7 3. Nc3 Bxf3 4. exf3 e6 5. d4 d5 6. Bd3 g6 7. Be3 Bg7 8. Ne2
Ne7 9. O-O Nd7 10. c3 O-O 11. g4 f5 12. Qd2 c6 13. a4 Qc7 14. b4 Rfe8 15. Nc1
c5 16. Ne2 cxb4 17. cxb4 Qd6 18. b5 Rec8 19. Rfc1 Nf6 20. g5 Ne8 21. Qb2 Bf8
22. Bd2 Rxc1+ 23. Rxc1 Rc8 24. Bc2 Qb8 25. Bb3 Ng7 26. Rxc8 Nxc8 27. Nc1 Bd6
28. Nd3 Qb7 29. Ne5 a6 30. bxa6 Qxa6 31. Bd1 Nh5 32. Kf2 Qa7 33. Qb5 Ng7 34.
Be2 Qc7 35. a5 bxa5 36. Bxa5 Qa7 37. Ke3 Bxe5 38. fxe5 f4+ 39. Kd3 Ne7 40. Qc5
Qxc5 41. dxc5 Nc6 42. Bc7 Kf7 43. Bd1 Ke7 44. Ba4 Kd7 45. Ba5 Nf5 46. Bd2 Kc7
47. Bxf4 Ncd4 48. Bd1 Kc6 49. Be3 Nxe3 50. Kxe3 Kxc5 51. Kd3 Nc6 52. f4 Nb4+
53. Kd2 Kd4 54. Bg4 Nd3 55. Bxe6 Nxf4 56. Bg8 Kxe5 57. Bxh7 Kf5 58. h4 d4 59.
h5 Nxh5 60. Bxg6+ 1/2-1/2

[Event "SC HP Boeblingen-VfL Sindelfingen"]
[Site "?"]
[Date "2003.04.27"]
[Round "9.1"]
[White "Estrada Nieto, Julian"]
[Black "Bauer, Peter"]
[Result "1/2-1/2"]
[WhiteElo "2316"]
[BlackElo "2253"]
[PlyCount "28"]
[EventDate "2003.??.??"]

1. e4 e5 2. Nf3 Nc6 3. Bb5 a6 4. Ba4 Nf6 5. O-O Be7 6. Re1 b5 7. Bb3 d6 8. c3
O-O 9. h3 Bb7 10. d3 Re8 11. Nbd2 Bf8 12. Nf1 g6 13. Bg5 Bg7 14. Ne3 Qd7
1/2-1/2

[Event "SC HP Boeblingen-VfL Sindelfingen"]
[Site "?"]
[Date "2003.04.27"]
[Round "9.2"]
[White "Tuncer, Ufuk"]
[Black "Weigand, Bernhard"]
[Result "1/2-1/2"]
[WhiteElo "2204"]
[BlackElo "2285"]
[PlyCount "21"]
[EventDate "2003.??.??"]

1. d4 e6 2. Nf3 f5 3. g3 Nf6 4. Bg2 Be7 5. O-O O-O 6. c4 d5 7. Nc3 c6 8. Bf4
dxc4 9. Ne5 Nd5 10. Nxc4 Nxf4 11. gxf4 1/2-1/2

[Event "SC HP Boeblingen-VfL Sindelfingen"]
[Site "?"]
[Date "2003.04.27"]
[Round "9.4"]
[White "Heinl, Thomas"]
[Black "Carstens, Andreas"]
[Result "1/2-1/2"]
[WhiteElo "2230"]
[BlackElo "2167"]
[PlyCount "25"]
[EventDate "2003.??.??"]

1. e4 e6 2. d4 d5 3. Nc3 Bb4 4. exd5 exd5 5. Bd3 Nf6 6. Nge2 c6 7. O-O O-O 8.
Bg5 Nbd7 9. Ng3 h6 10. Bf4 Re8 11. Qf3 Nf8 12. Rfe1 Bg4 13. Rxe8 1/2-1/2

[Event "SC HP Boeblingen-VfL Sindelfingen"]
[Site "?"]
[Date "2003.04.27"]
[Round "9.7"]
[White "Weisenburger, Horst"]
[Black "Remmler, Hans Peter"]
[Result "1/2-1/2"]
[WhiteElo "2003"]
[BlackElo "2158"]
[PlyCount "22"]
[EventDate "2003.??.??"]

1. e4 e5 2. Nf3 Nf6 3. Nxe5 d6 4. Nf3 Nxe4 5. d4 d5 6. Bd3 Nc6 7. O-O Be7 8. c4
Nf6 9. Nc3 Nb4 10. Ne5 Nxd3 11. Qxd3 O-O 1/2-1/2